Quiz foot #3 - Statistiques

Statistiques générales
  • Ce quiz a été pris 103 fois
  • Le résultat moyen est 10 sur 15
Statistiques - réponses
Hint Réponse % Correct
Quel club français a été finaliste de la Ligue des champions en 2020 ? PSG
94%
Quel pays a éliminé la France en quart de finale de la Coupe du monde 2014 ? Allemagne
92%
Quel joueur a inscrit un triplé en finale de la Coupe du monde 2022 ? Kylian Mbappé
92%
Quel club anglais est surnommé « les Gunners » ? Arsenal
91%
Quel club a remporté la toute première Ligue des champions en 1956 ? Real Madrid
88%
Quel pays a remporté la toute première Coupe du monde en 1930 ? Uruguay
88%
Combien de Ligues des champions a remporté l’AC Milan ? 7
84%
Qui a marqué le but en or lors de la finale de l’Euro 2000 ? David Trezeguet
82%
Quel joueur a remporté le Ballon d’Or 2006 ? Fabio Cannavaro
76%
Quel club a remporté la Ligue des champions 2015 ? FC Barcelone
61%
Quel joueur est surnommé « El Niño » ? Fernando Torres
57%
Quel joueur détient le record de buts en Coupe du monde ? Miroslav Klose
56%
Quel club joue au stade Signal Iduna Park ? Borussia Dortmund
52%
Qui était le sélectionneur de l’Argentine lors de la Coupe du monde 2022 ? Lionel Scaloni
31%
Quel arbitre a sorti le carton rouge à Zinedine Zidane en finale du Mondial 2006 ? Horacio Elizondo
3%
Aucun quiz correspondant
Distribution des résultats
% des personnes avec chaque résultat
Percentile par nombre de réponses
Votre historique - résultats
Vous n’avez pas pris ce quiz